logo

Bir Sreshtho Munshi Abdur Rouf Library
Jhenaidah Cadet College

The other side of midnight / (Record no. 12699)

MARC details
000 -LEADER
fixed length control field 00560nam a2200205 a 4500
001 - CONTROL NUMBER
control field 12699
003 - CONTROL NUMBER IDENTIFIER
control field BDJhCC
005 - DATE AND TIME OF LATEST TRANSACTION
control field 20230508165336.0
008 - FIXED-LENGTH DATA ELEMENTS--GENERAL INFORMATION
fixed length control field 230508r20211973enk 000 1 eng d
020 ## - INTERNATIONAL STANDARD BOOK NUMBER
International Standard Book Number 9788172234935
040 ## - CATALOGING SOURCE
Transcribing agency BDJhCC
082 ## - DEWEY DECIMAL CLASSIFICATION NUMBER
Classification number 813.52
Edition number 20
Item number SHE 2020
100 1# - MAIN ENTRY--PERSONAL NAME
Personal name Sheldon, Sidney.
245 14 - TITLE STATEMENT
Title The other side of midnight /
Statement of responsibility, etc. Sidney Sheldon
260 ## - PUBLICATION, DISTRIBUTION, ETC.
Place of publication, distribution, etc. London :
Name of publisher, distributor, etc. Harper Collins,
Date of publication, distribution, etc. 2020.
300 ## - PHYSICAL DESCRIPTION
Extent 440 p. ;
Dimensions 23 cm
650 ## - SUBJECT ADDED ENTRY--TOPICAL TERM
Topical term or geographic name entry element Detective sotries
942 ## - ADDED ENTRY ELEMENTS (KOHA)
Source of classification or shelving scheme Dewey Decimal Classification
Koha item type Books
Holdings
Withdrawn status Lost status Source of classification or shelving scheme Damaged status Not for loan Home library Current library Shelving location Date acquired Cost, normal purchase price Total Checkouts Full call number Barcode Date last seen Date last checked out Copy number Price effective from Koha item type
    Dewey Decimal Classification     JCC Rouf Library JCC Rouf Library General Stacks 05/08/2023 400.00 22 813.52 SHE 2020 17677 02/05/2026 11/09/2025 C-1 05/08/2023 Books

JCC Library | Contacts | JCC Home

Last Update on 23 September 2017
Copyright @ 2017-2020 JCC Rouf Library
Rouf Library, Jhenidah Cadet College (JCC), Bangladesh